Gas making and natural gas.
Guardado en:
| Autor Corporativo: | |
|---|---|
| Formato: | Libro |
| Idioma: | English |
| Publicado: |
London :
British Petroleum Co. Ltd,
1972.
|
| Materias: | |
| Etiquetas: |
Agregar Etiqueta
Sin Etiquetas, Sea el primero en etiquetar este registro!
|
| LEADER | 00641cam a22001935a 4500 | ||
|---|---|---|---|
| 001 | EIQ.libpla002383 | ||
| 008 | 731227s1972####enka#####b####001#0#eng#d | ||
| 005 | 20070605182947.0 | ||
| 245 | 1 | 0 | |a Gas making and natural gas. |
| 260 | |a London : |b British Petroleum Co. Ltd, |c 1972. | ||
| 300 | |a viii, 305 p. 1 h. pleg. : |b il., (1 col). ; |c 24 cm. | ||
| 504 | |a Incluye referencias bibliográficas e índice. | ||
| 082 | 0 | 0 | |a 665/.77 |
| 650 | 4 | |a Procesos |x Gas natural. | |
| 650 | 4 | |a Processes |x Natural gas. | |
| 010 | |a 73179041 | ||
| 040 | |a DLC |c DLC |d AR-BbSID | ||
| 110 | 2 | |a British Petroleum Company. | |
| 859 | |a AR-BbSID |b BIB. PLAPIQUI |h 665.7 |i B 777 |p 1175 | ||
